The BEST American magazine writing 2011

Gespeichert in:
Bibliographische Detailangaben
Format: Buch
Sprache:Englisch
Veröffentlicht: Columbia University Press 2011
Tags: Tag hinzufügen
Keine Tags, Fügen Sie den ersten Tag hinzu!

MARC

LEADER 00000nam a22000007a 4500
008 210426b ||||| |||| 00| 0 eng d
020 |a  978-0-231-15940-1 
245 |a The BEST American magazine writing 2011  |c Sid Holt for the American Society of Magazine Editors  |g xix, 580p.  
250 |c Sid Holt for the American Society of Magazine Editors  
260 |b Columbia University Press  |c 2011  |h New York  |i 688373   |l PN4853 .B46  |m American prose literature – 20th century – Periodicals  |m Journalism – Awards – United States – Periodicals 
942 |a lcc  |c BK  |e Adekanye, I. H.  |f 26/04/2021 
952 |0 0  |1 0  |2 lcc  |4 0  |6 PN4853 B46  |7 0  |9 2315  |a HOL  |b HOL  |c LP  |d 2021-04-26  |l 0  |o PN4853 .B46  |p 2021-6169  |r 2021-04-26 00:00:00  |w 2021-04-26  |y BK 
999 |c 1192  |d 1192